| 000 | 00852cam a2200289 a 4500 | ||
|---|---|---|---|
| 001 | 2910229 | ||
| 003 | PILC | ||
| 005 | 20160128130439.0 | ||
| 008 | 880506s1989 nyu 000 1 eng | ||
| 010 | _a 88016427 | ||
| 020 |
_a0553283561 _c$18.95 ($24.95 Can.) |
||
| 040 |
_aDLC _cDLC _dDLC |
||
| 050 | 0 | 0 |
_aPS 3563 _b.A25316 1990 |
| 082 | 0 | 0 |
_aFIC _bM11t 1989 |
| 100 | 1 |
_aMacAvoy, R. A. _920033 |
|
| 245 | 1 | 4 |
_aThe third eagle : _blessons along a minor string _cR.A. MacAvoy. |
| 250 | _a1st ed. | ||
| 260 |
_aNew York : _bBantam Books, _cc1990. |
||
| 300 |
_a261 p. : _c18 cm. |
||
| 500 | _a"A Foundation book." | ||
| 562 | _eFor circulation. 1 copy in the collection | ||
| 650 | _aScience fiction | ||
| 906 |
_a7 _bcbc _corignew _d1 _eocip _f19 _gy-gencatlg |
||
| 942 |
_2lcc _cBK |
||
| 999 |
_c11373 _d11373 |
||